Trillion Dollar Countries Quiz Stats

 Plays Quiz Updated Jun 11, 2018

Challenge
Share
Tweet
Embed
Score 0/24 Timer 03:00
1 Play Today
Rank Country % Correct
2.United States
99.8%
1.China
99%
10.France
95.4%
5.Germany
95.1%
4.Japan
94.7%
6.Russia
92.7%
9.United Kingdom
91.8%
15.Canada
89.5%
7.Brazil
88.3%
3.India
87.2%
16.Spain
86.6%
18.Australia
86.5%
Rank Country % Correct
12.Italy
85.8%
11.Mexico
83.9%
14.Saudi Arabia
74.9%
19.Iran
62.9%
23.Egypt
61.9%
24.Poland
59.8%
13.South Korea
57.4%
17.Turkey
56.3%
8.Indonesia
47.9%
20.Thailand
47.4%
22.Nigeria
42.8%
21.Taiwan
39.6%

You're not logged in!

Compare scores with friends on all Sporcle quizzes.
Join for Free
OR
Log In

You Might Also Like...

Show Comments

Extras

Top Quizzes Today


Score Distribution

Your Account Isn't Verified!

In order to create a playlist on Sporcle, you need to verify the email address you used during registration. Go to your Sporcle Settings to finish the process.

Report this User

Report this user for behavior that violates our Community Guidelines.

Details: